| 000 | nam a22 7a 4500 | ||
|---|---|---|---|
| 999 |
_c28349 _d28349 |
||
| 008 | 170302b xxu||||| |||| 00| 0 eng d | ||
| 020 | _a9780495557982 | ||
| 050 | _aQH 308.2 .S73 2009 | ||
| 100 | _aStarr, Cecie | ||
| 245 |
_aCell Biology and Genetics: _bBiology, The Unity and Diversity of Life/ _cCecie Starr, Ralph Taggart, Christine Evers, Lisa Starr |
||
| 250 | _a12th ed. | ||
| 260 |
_aAustralia: _bBrooks/ Cole, _c2009. |
||
| 300 |
_axv,256p.: _bill.: _c27cm. |
||
| 521 | _aIncludes bibliographical reference and index. | ||
| 650 | _aCell Biology. | ||
| 650 | _aGenetics. | ||
| 700 | _aTaggart,Ralph | ||
| 700 | _aEvers, Christine | ||
| 700 | _aStarr, Lisa | ||
| 942 |
_2lcc _cBOOKS _hQH 308.2 .S73 2009 |
||